Normal view
MARC view
- AUTOMATIC CONTROL, CONTROL THEORY.CONTROL TECHNOLOGIES.REAL TIME COMPUTING AND CONTROL.COMPUTER AUTOMATED CONTROL SYSTEM DESIGN.SYSTEM MODELING.INTELLIGENT CONTROL.CONTROL APPLICATIONS.INDUSTRIAL PROCESS CONTROL.FLIGHT CONTROL FOR AIRCRAFT AND MISSILES.ROBOT CONTROL.CONTROL OF COMMUNICATION NETWORKS
Entry Topical Term
001 - CONTROL NUMBER
- control field: 59698
003 - CONTROL NUMBER IDENTIFIER
- control field: NUST
005 - DATE AND TIME OF LATEST TRANSACTION
- control field: 20210628202404.0
008 - FIXED-LENGTH DATA ELEMENTS
- fixed length control field: 210628|| aca||aabn | a|a d
040 ## - CATALOGING SOURCE
- Original cataloging agency: NUST
- Transcribing agency: NUST
150 ## - HEADING--TOPICAL TERM
- Topical term or geographic name entry element: AUTOMATIC CONTROL, CONTROL THEORY.CONTROL TECHNOLOGIES.REAL TIME COMPUTING AND CONTROL.COMPUTER AUTOMATED CONTROL SYSTEM DESIGN.SYSTEM MODELING.INTELLIGENT CONTROL.CONTROL APPLICATIONS.INDUSTRIAL PROCESS CONTROL.FLIGHT CONTROL FOR AIRCRAFT AND MISSILES.ROBOT CONTROL.CONTROL OF COMMUNICATION NETWORKS
670 ## - SOURCE DATA FOUND
- Source citation: Work cat.: (NUST): Samad, Tariq Tariq Samad 59697, Perspectives in control engineering technologies, applications, and new directions, 2001
